000 01986nam0a22003971 4500
001 RU\NLR\INFOCOMM_41\5000247203
005 20250613090307.0
035 _a(NLR Aleph) 009062129
090 _a7870137
_c7870137
100 _a20081009d1982 |||y0rusy50 ca
101 0 _aeng
_drus
102 _aRU
105 _aa z 000zy
200 1 _aB/M ratio in quark jets and rules of quark statistics for hadron production processes
_fV. V. Anisovich, M. N. Kobrinsky a. P. E. Volkovitski
210 _aL.
_cЛИЯФ
_d1982
215 _a14 с.
_cграф.
_d20 см
225 1 _aAcademy of sciences of the USSR, Leningrad nuclear physics institute
_v734
300 _aНа обороте тит. л.: Отношение В/М в кварковых струях и правила кварковой статистики для рождения адронов / В. В. Анисович, П. Э. Волковицкий, М. Н. Кобринский
300 _aНа обл. надзаг. на рус. яз.
300 _aРез. на рус. яз.
320 _aБиблиогр.: с. 14
517 1 _aОтношение В/М в кварковых струях и правила кварковой статистики для рождения адронов
606 _aАдроны
_xРождение
_xМодель кварков
_2nlr_sh1
686 _aВ315.4[Фз115]
_2rubbk
700 1 _4070
_7ba
_8rus
_aAnisovič
_bV. V.
_cд-р физ.-мат. наук, физика частиц
_f1932-
_gVladimir Vladislavovič
_9238628
_3RU\NLR\AUTH\770238684
701 1 _9z02790
_aKobrinskij
_bM. N.
_f1947-
_gMichail Natanovič
_4070
701 1 _9z03790
_aVolkovickij
_bP. É.
_f1946-
_gPetr Édmundovič
_4070
790 1 _9z01700
_aAnisovich
_bV. V.
_4070
790 1 _9z02701
_aKobrinsky
_bM. N.
_4070
790 1 _9z03701
_aVolkovitski
_bP. E.
_4070
801 1 _aRU
_bNLR
_c20081009
801 0 _aRU
_bNLR
_gPSBO
852 _aNLR
_jФз01 Д-4/1808
942 _cBOOK
980 _aNB